Element Tile Select - Statistics

General Stats
  • This quiz has been taken 66 times
  • The average score is 55 of 80
Answer Stats
Question Tile Select % Correct
Select the elements that are noble gases. Cadmium No
100%
Select the elements that are noble gases. Gallium No
100%
Select the elements that are noble gases. Germanium No
100%
Select the elements that are noble gases. Arsenic No
98%
Select the elements that are noble gases. Iodine No
98%
Select the elements that are noble gases. Meitnurium No
98%
Select the elements that are noble gases. Bromine No
94%
Select the elements that are noble gases. Chlorine No
94%
Select the elements that are noble gases. Fluorine No
94%
Select the elements that are noble gases. Xenon Yes
94%
Select the elements that are noble gases. Argon Yes
88%
Select the elements that are noble gases. Neon Yes
87%
Select the elements that are noble gases. Hydrogen No
85%
Select the elements that have an atomic number that is less than fifty. Thorium No
85%
Select the elements that have an atomic number that is less than fifty. Carbon Yes
83%
Select the elements that are noble gases. Helium Yes
83%
Select the elements that have an atomic number that is less than fifty. Neptunium No
83%
Select the elements that have an atomic number that is less than fifty. Cerium No
81%
Select the elements that are noble gases. Krypton Yes
81%
Select the elements that are noble gases. Radon Yes
81%
Select the elements that have an atomic number that is less than fifty. Francium No
79%
Select the elements that do not appear in nature. Manganese No
79%
Select the elements that are in the halogen group. Arsenic No
75%
Select the elements that do not appear in nature. Chlorine No
75%
Select the actinide elements. Cobalt No
75%
Select the elements that do not appear in nature. Germanium No
75%
Select the elements that are in the halogen group. Potassium No
75%
Select the elements that have an atomic number that is less than fifty. Radium No
75%
Select the elements that have an atomic number that is less than fifty. Tellurium No
75%
Select the elements that are in the halogen group. Neon No
73%
Select the elements that are in the halogen group. Neptunium No
73%
Select the elements that are in the halogen group. Osmium No
73%
Select the elements that are in the halogen group. Rubidium No
73%
Select the elements that have an atomic number that is less than fifty. Zinc Yes
73%
Select the elements that are in the halogen group. Beryllium No
71%
Select the elements that are in the halogen group. Fluorine Yes
71%
Select the elements that have an atomic number that is less than fifty. Gold No
71%
Select the elements that are in the halogen group. Polonium No
71%
Select the elements that do not appear in nature. Zirconium No
71%
Select the elements that are in the halogen group. Iridium No
69%
Select the elements that do not appear in nature. Molybdenum No
69%
Select the elements that are in the halogen group. Oxygen No
69%
Select the elements that do not appear in nature. Ruthenium No
69%
Select the actinide elements. Molybdenum No
67%
Select the actinide elements. Roentgenium No
67%
Select the elements that are in the halogen group. Bromine Yes
65%
Select the elements that do not appear in nature. Darmstadtium Yes
65%
Select the elements that do not appear in nature. Roentgenium Yes
65%
Select the elements that have an atomic number that is less than fifty. Vanadium Yes
65%
Select the elements that do not appear in nature. Berkelium Yes
63%
Select the elements that are in the halogen group. Chlorine Yes
63%
Select the actinide elements. Flerovium No
63%
Select the actinide elements. Moscovium No
63%
Select the actinide elements. Seaborgium No
63%
Select the actinide elements. Technetium No
62%
Select the elements that do not appear in nature. Tennessine Yes
62%
Select the actinide elements. Americium Yes
60%
Select the actinide elements. Einsteinium Yes
60%
Select the elements that are in the halogen group. Iodine Yes
60%
Select the elements that do not appear in nature. Lanthanum No
60%
Select the actinide elements. Rutherfordium No
60%
Select the elements that do not appear in nature. Nihonium Yes
58%
Select the elements that have an atomic number that is less than fifty. Silver Yes
58%
Select the elements that do not appear in nature. Ytterbium No
58%
Select the elements that do not appear in nature. Flerovium Yes
56%
Select the actinide elements. Protactinium Yes
56%
Select the elements that have an atomic number that is less than fifty. Bromine Yes
54%
Select the elements that have an atomic number that is less than fifty. Xenon No
54%
Select the actinide elements. Californium Yes
52%
Select the elements that have an atomic number that is less than fifty. Strontium Yes
50%
Select the actinide elements. Nobelium Yes
48%
Select the elements that have an atomic number that is less than fifty. Selenium Yes
48%
Select the elements that have an atomic number that is less than fifty. Zirconium Yes
48%
Select the actinide elements. Fermium Yes
44%
Select the actinide elements. Plutonium Yes
44%
Select the actinide elements. Thorium Yes
42%
Select the elements that are in the halogen group. Astatine Yes
40%
Select the elements that do not appear in nature. Technetium Yes
38%
Select the elements that are in the halogen group. Tennessine Yes
31%
Select the elements that do not appear in nature. Plutonium Yes
29%
No matching quizzes found
Score Distribution
Percent of People with Each Score
Percentile by Number Answered
Your Score History
You have not taken this quiz